|
|
|
|
| LEADER |
00000nam0a2200000 4500 |
| 001 |
308414 |
| 005 |
20231102002106.0 |
| 020 |
|
|
|a RU
|b 81-80138
|
| 035 |
|
|
|a (RuTPU)RU\TPU\book\333734
|
| 090 |
|
|
|a 308414
|
| 100 |
|
|
|a 20151102d1981 m y0rusy5003 ca
|
| 101 |
0 |
|
|a rus
|
| 102 |
|
|
|a RU
|
| 105 |
|
|
|a a z 000zy
|
| 200 |
1 |
|
|a Температура
|f Я. А. Смородинский
|
| 210 |
|
|
|a Москва
|c Наука
|d 1981
|
| 215 |
|
|
|a 159 с.
|c ил.
|
| 225 |
1 |
|
|a Библиотечка "Квант"
|v Вып. 12
|
| 606 |
1 |
|
|a Температура
|2 stltpush
|3 (RuTPU)RU\TPU\subj\59392
|9 76945
|
| 610 |
1 |
|
|a теплофизика
|
| 610 |
1 |
|
|a теплота
|
| 610 |
1 |
|
|a тепловое равновесие
|
| 610 |
1 |
|
|a холод
|
| 610 |
1 |
|
|a температурные шкалы
|
| 610 |
1 |
|
|a закон сохранения энергии
|
| 610 |
1 |
|
|a абсолютная температура
|
| 610 |
1 |
|
|a квантовая механика
|
| 610 |
1 |
|
|a распределение Максвелла
|
| 610 |
1 |
|
|a холодильники
|
| 610 |
1 |
|
|a магнитные стрелки
|
| 610 |
1 |
|
|a цикл Карно
|
| 610 |
1 |
|
|a термодинамика
|
| 610 |
1 |
|
|a энтропия
|
| 610 |
1 |
|
|a идеальный газ
|
| 610 |
1 |
|
|a молекулы
|
| 610 |
1 |
|
|a флуктуация
|
| 610 |
1 |
|
|a черные дыры
|
| 610 |
1 |
|
|a излучение
|
| 610 |
1 |
|
|a охлаждение
|
| 610 |
1 |
|
|a плотность
|
| 610 |
1 |
|
|a атомные ядра
|
| 610 |
1 |
|
|a отрицательные температуры
|
| 610 |
1 |
|
|a реликтовое излучение
|
| 610 |
1 |
|
|a единицы измерения
|
| 610 |
1 |
|
|a библиотека А. Г. Стромберга
|
| 675 |
|
|
|a 536.5
|v 3
|
| 700 |
|
1 |
|a Смородинский
|b Я. А.
|c физик-теоретик
|c профессор, доктор физико-математических наук
|f 1917-1992
|g Яков Абрамович
|2 stltpush
|3 (RuTPU)RU\TPU\pers\11911
|9 3020
|
| 801 |
|
0 |
|a RU
|b RuMRKP
|c 19950704
|g psbo
|
| 801 |
|
1 |
|a RU
|b 63413507
|c 20151102
|
| 801 |
|
2 |
|a RU
|b 63413507
|c 20220224
|g RCR
|
| 942 |
|
|
|c BK
|